Most googled words 2022 - Statistics

General Stats
  • This quiz has been taken 71 times
    67 since last reset
  • The average score is 22 of 100
Answer Stats
Ranking Search volume Hint Keyword % Correct
19 25.6m Social media Instagram
92%
1 144.3m Social media Facebook
81%
73 9.96m Social media Facebook login
81%
3 119.7m Shopping Amazon
76%
27 22.3m Shopping Amazon prime
76%
8 59.9m Email Gmail
76%
65 10.8m Email Gmail login
76%
6 70.1m Online search Google
74%
39 17.8m Social media Twitter
71%
11 43.4m Language tools Google translate
60%
2 143.8m Social media YouTube
58%
13 36.7m Online search Yahoo
52%
76 9.72m Directions/navigation Maps
48%
40 17.2m Shopping eBay
44%
15 33.4m News Fox news
44%
5 74.4m Shopping Walmart
40%
85 9.17m Shopping Walmart near me
40%
20 25.5m Directions/navigation Google maps
37%
18 28.1m Language tools Translate
37%
49 13.8m Entertainment Netflix
35%
24 23.8m Food/shopping McDonald's
34%
9 50.4m Shopping Target
32%
28 22.0m News Cnn
31%
23 24.5m Sports Nba
27%
59 11.7m Sports Nba scores
27%
26 23.4m Sports Nfl
27%
46 14.5m Sports Nfl scores
27%
51 13.0m Shopping Shein
27%
72 9.97m Food/shopping Burger King
24%
70 10.0m Email Hotmail
24%
16 33.1m Shopping Starbucks
24%
48 14.4m Shopping Etsy
23%
60 11.4m Games Roblox
23%
50 13.7m Food/shopping Taco bell
23%
84 9.24m Shipping FedEx
19%
87 9.16m Shipping FedEx tracking
19%
35 18.6m Directions/navigation Food
19%
17 29.9m Directions/navigation Food near me
19%
34 18.8m News News
19%
94 8.37m Food Pizza
19%
67 10.4m Mexican food Chipotle
18%
14 33.6m Shopping Costco
16%
31 20.0m Sports Espn
16%
74 9.79m Flights Google flights
16%
90 8.84m Business LinkedIn
16%
7 61.6m Games Wordle
16%
77 9.58m Food/shopping Subway
15%
36 18.2m Property listings Zillow
15%
43 17.0m Banking Bank of America
13%
66 10.7m Food/shopping Domino's
13%
47 14.4m Directions/navigation Google docs
13%
53 12.9m Shopping Macys
13%
97 8.33m News Msn
13%
63 11.0m Food/shopping Pizza hut
13%
64 10.8m Shipping Usps
13%
42 17.0m Shipping USPS tracking
13%
4 95.3m Daily life Weather
13%
33 19.2m Food/shopping Chick FIL a
11%
38 17.9m Shopping Cvs
11%
98 8.31m Food/shopping Dunkin donuts
11%
83 9.28m Directions/navigation Gas
11%
95 8.37m Language tools Spanish to English
11%
21 25.5m Shopping Walgreens
11%
30 21.4m Daily life Weather tomorrow
11%
41 17.1m Banking Wells fargo
11%
58 11.7m Food Coffee
10%
82 9.31m Language tools English to Spanish
10%
96 8.36m Document storage Google drive
10%
32 19.7m Shopping Lowes
10%
93 8.53m Health/fitness Planet fitness
10%
61 11.2m Food Restaurants
10%
25 23.6m Directions/navigation Restaurants near me
10%
12 36.8m Email Yahoo mail
10%
71 9.97m Email Aol mail
8%
22 25.5m Shopping Bestbuy
8%
37 18.1m Business Craigslist
8%
78 9.57m Business Dow Jones
8%
10 47.0m Shopping Home Depot
8%
45 14.8m Business Indeed
8%
44 16.2m Assistance Calculator
6%
99 8.31m Banking Capital one
6%
68 10.1m Education Google classroom
6%
54 12.7m Shopping Kohls
6%
88 9.10m Flights Southwest airlines
6%
91 8.67m Property listings Airbnb
5%
52 12.9m Space exploration Astronaut
5%
62 11.0m Shopping Auto zone
5%
56 12.3m Shopping Dollar tree
5%
57 12.0m Directions/navigation Gas station
5%
80 9.35m Directions/navigation Motel
5%
86 9.16m Shopping Old navy
5%
29 21.6m Language tools Traductor
5%
55 12.4m Entertainment Youtube tv
5%
81 9.34m Food Breakfast
3%
100 8.31m Shopping Dollar general
3%
89 9.07m Shopping Ikea
3%
92 8.61m Social media Omegle
3%
79 9.54m Shopping Sam's club
3%
75 9.75 Loyalty program Sqm club
3%
69 10.0m Spanish word Tiempo
3%
No matching quizzes found
Score Distribution
Percent of People with Each Score
Percentile by Number Answered
Your Score History
You have not taken this quiz since the last reset